¿Universidades híbridas? : (Record no. 214917)

MARC details
000 -CABECERA
campo de control de longitud fija 01075nam a22002657a 4500
005 - FECHA Y HORA DE LA ÚLTIMA TRANSACCIÓN
campo de control 20260407064051.0
007 - CAMPO FIJO DE DESCRIPCIÓN FÍSICA--INFORMACIÓN GENERAL
campo de control de longitud fija cr |||aaa|||||
008 - ELEMENTOS DE LONGITUD FIJA--INFORMACIÓN GENERAL
campo de control de longitud fija 260406s2021 sp| ||||o|||| 000 0 spa d
020 ## - NÚMERO INTERNACIONAL NORMALIZADO PARA LIBROS
Número Internacional Estándar del Libro 9788481588897
040 ## - FUENTE DE LA CATALOGACIÓN
Centro catalogador/agencia de origen MX-MxUPN
Lengua de catalogación spa
Normas de descripción aacr2
041 ## - CÓDIGO DE IDIOMA
Código de lengua del texto/banda sonora o título independiente spa
050 #4 - SIGNATURA TOPOGRÁFICA DE LA BIBLIOTECA DEL CONGRESO
Número de clasificación LB1028.5
100 1# - ASIENTO PRINCIPAL--NOMBRE PERSONAL
Nombre de persona Varela Álvarez, Enrique J.
9 (RLIN) 59210
245 11 - MENCIÓN DE TÍTULO
Título ¿Universidades híbridas? :
Resto del título de las universidades públicas presenciales a las universidades públicas presenciales-virtuales en el mundo del coronavirus
Medio [recurso electrónico en línea]
260 ## - PUBLICACIÓN, DISTRIBUCIÓN, ETC.
Lugar de publicación, distribución, etc. Vigo :
Nombre del editor, distribuidor, etc. Universidade Vigo,
Fecha de publicación, distribución, etc. c2021
300 ## - DESCRIPCIÓN FÍSICA
Extensión 1 recurso en línea (143 páginas) :
Otras características físicas PDF
490 0# - MENCIÓN DE SERIE
Mención de serie Miscelánea. Serie de textos misceláneos
506 0# - NOTA DE RESTRICCIONES AL ACCESO
Limitaciones de acceso Acceso abierto.
650 #4 - ASIENTO SECUNDARIO DE MATERIA - TERMINO TEMATICO
Término de materia o nombre geográfico como elemento de entrada Aprendizaje semipresencial
Subdivisión geográfica España
9 (RLIN) 59212
650 #4 - ASIENTO SECUNDARIO DE MATERIA - TERMINO TEMATICO
Término de materia o nombre geográfico como elemento de entrada Pandemia de COVID-19, 2020-2023
Subdivisión general Efecto de la educación
Subdivisión geográfica España
9 (RLIN) 59211
650 #4 - ASIENTO SECUNDARIO DE MATERIA - TERMINO TEMATICO
Término de materia o nombre geográfico como elemento de entrada Universidades y colegios públicos
Subdivisión geográfica España
9 (RLIN) 18285
856 40 - LOCALIZACIÓN Y ACCESO ELECTRÓNICOS
Identificador Uniforme del Recurso <a href="http://hdl.handle.net/11093/4039">http://hdl.handle.net/11093/4039</a>
902 ## - ELEMENTOS DE DATOS B LOCAL, LDB (RLIN)
Creó VíctorGodínez/060426
942 ## - ELEMENTOS DE PUNTO DE ACCESO ADICIONAL (KOHA)
Fuente del sistema de clasificación o colocación Library of Congress Classification
Tipo de ítem Koha Libro Electrónico
Holdings
Estado de retiro Estado de pérdida Fuente del sistema de clasificación o colocación Estado dañado No para préstamo Código de colección Localización permanente Ubicación/localización actual Ubicación en estantería Fecha de adquisición Total de préstamos Clasificación Fecha visto por última vez Identificador Uniforme del Recurso Precio válido a partir de Tipo de ítem Koha
    Library of Congress Classification     Acceso abierto Bib. Gregorio Torres Quintero Bib. Gregorio Torres Quintero En línea 06/04/2026   LB1028.5 06/04/2026 http://hdl.handle.net/11093/4039 06/04/2026 Libro Electrónico